| 000 | 01435nam a2200277Ia 4500 | ||
|---|---|---|---|
| 999 |
_c46272 _d46272 |
||
| 001 | 13106 | ||
| 003 | GE_BSU | ||
| 005 | 20240821170622.0 | ||
| 008 | 181216s2013||||ge |||||||||||||| ||eng|| | ||
| 020 | _a9789941052743 | ||
| 040 | _cGE_BSU | ||
| 080 | _a633 C-73 | ||
| 245 |
_a Comparative analysis of agriculture in the South Caucasus : Georgia, 2013 / _clead auth. Dr. George Welton ; support. auth. Dr. Armen A. Asatryan, David Jijelava ; Swiss Agency for Development and Cooperation (SDC). |
||
| 264 |
_aTbilisi : _bUNDP, _c2013. |
||
| 300 |
_a190 p. : _bfig. ; _c30 cm. |
||
| 500 | _aბიბლიოგრ. ტექსტის შენიშვნ. | ||
| 653 | _aComparative Analisys of agriculture in the South Caucasus | ||
| 653 | _aსოფლის მეურნეობა სამხრეთ კავკასიაში | ||
| 653 | _aაგრონომია სამხრეთ კავკასიაში | ||
| 653 | _aსოფლის მეურნეობის ეკონომიკა სამხრეთ კავკასიაში | ||
| 700 |
_a George Welton ; support. auth. Dr. Armen A. Asatryan, David Jijelava ; Swiss Agency for Development and Cooperation (SDC). _clead auth. _923102 |
||
| 700 |
_aAsatryan, Armen A. _cauth. _923103 |
||
| 700 |
_aJijelava, David _cauth. _923104 |
||
| 710 |
_aSwiss Agency for Development and Cooperation _923105 |
||
| 942 |
_cBK _2udc |
||